[Event "LSS No Engine Cup 205 Preliminary 0"]
[Site "LSS email"]
[Date "2020.07.06"]
[Round "?"]
[White "Rocek, Vladimir"]
[Black "Neelmeier, Stephan"]
[Result "0-1"]
[WhiteElo "1348"]
[BlackElo "1877"]
[PlyCount "26"]
[EventDate "2020.07.06"]
[EventType "tourn (corr)"]
[EventRounds "6"]
[EventCountry "GER"]
[SourceTitle "Corr 2022"]
[Source "ChessBase"]
[SourceDate "2021.10.24"]
[SourceVersion "1"]
[SourceVersionDate "2021.10.24"]
[SourceQuality "1"]

1. e4 d5 2. exd5 Nf6 3. d4 Bg4 4. f3 Bf5 5. c4 e6 6. dxe6 Nc6 7. exf7+ Kxf7 8. d5 Nb4 9. Na3 Bc5 10. Be2 Re8 11. Kf1 Nh5 12. g4 Nd3 13. Bxd3 Qh4 0-1

[Event "LSS No Engine Cup 204 Preliminary 0"]
[Site "LSS email"]
[Date "2020.06.05"]
[Round "?"]
[White "Jokmin, Guido"]
[Black "Neelmeier, Stephan"]
[Result "0-1"]
[WhiteElo "1021"]
[BlackElo "1600"]
[PlyCount "22"]
[EventDate "2020.06.05"]
[EventType "tourn (corr)"]
[EventRounds "6"]
[EventCountry "GER"]
[SourceTitle "Corr 2022"]
[Source "ChessBase"]
[SourceDate "2021.10.24"]
[SourceVersion "1"]
[SourceVersionDate "2021.10.24"]
[SourceQuality "1"]

1. e4 d5 2. exd5 Nf6 3. d4 Bg4 4. f3 Bf5 5. Bb5+ Nbd7 6. c4 a6 7. Ba4 b5 8. cxb5 Nxd5 9. Nc3 axb5 10. Nxb5 c6 11. Nc3 Nxc3 0-1

[Event "LSS No Engine Cup 204 Preliminary 0"]
[Site "LSS email"]
[Date "2020.06.05"]
[Round "?"]
[White "Neelmeier, Stephan"]
[Black "Molina, Vicente Andres"]
[Result "0-1"]
[WhiteElo "1600"]
[BlackElo "1017"]
[PlyCount "36"]
[EventDate "2020.06.05"]
[EventType "tourn (corr)"]
[EventRounds "6"]
[EventCountry "GER"]
[SourceTitle "Corr 2022"]
[Source "ChessBase"]
[SourceDate "2021.10.24"]
[SourceVersion "1"]
[SourceVersionDate "2021.10.24"]
[SourceQuality "1"]

1. f4 d6 2. Nf3 Nf6 3. g3 c5 4. Bg2 Nc6 5. c4 e5 6. fxe5 dxe5 7. Nc3 Be6 8. 0-0 Be7 9. b3 0-0 10. d3 a6 11. Bb2 Qc7 12. Qd2 Rad8 13. e4 Nd4 14. Nd5 Nxf3+ 15. Bxf3 Bxd5 16. cxd5 b5 17. Bg2 c4 18. dxc4 bxc4 0-1

[Event "LSS No Engine Cup 203 Preliminary 0"]
[Site "LSS email"]
[Date "2020.04.27"]
[Round "?"]
[White "Huntley, Theron"]
[Black "Neelmeier, Stephan"]
[Result "1/2-1/2"]
[WhiteElo "1627"]
[BlackElo "1600"]
[PlyCount "33"]
[EventDate "2020.04.27"]
[EventType "tourn (corr)"]
[EventRounds "6"]
[EventCountry "GER"]
[SourceTitle "Corr 2022"]
[Source "ChessBase"]
[SourceDate "2021.10.24"]
[SourceVersion "1"]
[SourceVersionDate "2021.10.24"]
[SourceQuality "1"]

1. d4 e6 2. c4 d5 3. Nc3 c5 4. cxd5 cxd4 5. Qa4+ Bd7 6. Qxd4 exd5 7. Qxd5 Nf6 8. Qd1 Bc5 9. e3 Nc6 10. Nf3 Qe7 11. Be2 0-0-0 12. 0-0 g5 13. Nd4 Qe5 14. Nf3 Qe7 15. Nd4 Qe5 16. Nf3 Qe7 17. Nd4 1/2-1/2

[Event "SB-2018-0-00524"]
[Site "LSS email"]
[Date "2018.02.06"]
[Round "?"]
[White "Milde, Lars"]
[Black "Neelmeier, Stephan"]
[Result "1-0"]
[WhiteElo "1893"]
[BlackElo "2005"]
[PlyCount "25"]
[EventDate "2018.01.10"]
[EventType "tourn (corr)"]
[EventRounds "6"]
[EventCountry "GER"]
[SourceTitle "Corr 2022"]
[Source "ChessBase"]
[SourceDate "2021.10.24"]
[SourceVersion "1"]
[SourceVersionDate "2021.10.24"]
[SourceQuality "1"]

1. e4 d5 2. exd5 Nf6 3. Bb5+ Bd7 4. Bc4 Bg4 5. f3 Bf5 6. Nc3 c6 7. dxc6 Nxc6 8. Nge2 Qb6 9. d3 Rd8 10. Bb3 e6 11. Bg5 h6 12. Bxf6 gxf6 13. Ng3 1-0

[Event "SB-2018-0-00524"]
[Site "LSS email"]
[Date "2018.02.06"]
[Round "?"]
[White "Neelmeier, Stephan"]
[Black "Pilgram, Kurt"]
[Result "0-1"]
[WhiteElo "2005"]
[BlackElo "2046"]
[PlyCount "38"]
[EventDate "2018.01.10"]
[EventType "tourn (corr)"]
[EventRounds "6"]
[EventCountry "GER"]
[SourceTitle "Corr 2022"]
[Source "ChessBase"]
[SourceDate "2021.10.24"]
[SourceVersion "1"]
[SourceVersionDate "2021.10.24"]
[SourceQuality "1"]

1. e4 c5 2. c3 Nf6 3. e5 Nd5 4. d4 cxd4 5. Nf3 Nc6 6. cxd4 d6 7. Bc4 Nb6 8. Bb5 dxe5 9. Nxe5 Bd7 10. Nxd7 Qxd7 11. Nc3 e6 12. 0-0 Rd8 13. Qh5 a6 14. Bxc6 Qxc6 15. Rd1 Be7 16. Qg4 Bf6 17. Be3 Nd5 18. Ne4 Qb6 19. Nxf6+ gxf6 0-1

[Event "OP-2017-0-04488"]
[Site "LSS email"]
[Date "2017.12.09"]
[Round "?"]
[White "Shim Ng Min, Francis"]
[Black "Neelmeier, Stephan"]
[Result "0-1"]
[WhiteElo "1262"]
[BlackElo "2005"]
[PlyCount "48"]
[EventDate "2017.11.29"]
[EventType "tourn (corr)"]
[EventRounds "4"]
[EventCountry "GER"]
[SourceTitle "Corr 2022"]
[Source "ChessBase"]
[SourceDate "2021.10.24"]
[SourceVersion "1"]
[SourceVersionDate "2021.10.24"]
[SourceQuality "1"]

1. e4 e5 2. Nf3 Nc6 3. Bc4 Nf6 4. Ng5 d5 5. exd5 b5 6. Bxb5 Qxd5 7. Nc3 Qxg2 8. Qf3 Qxf3 9. Nxf3 Bd7 10. 0-0 Nb4 11. Nxe5 Nxc2 12. Rb1 Bxb5 13. Nxb5 Nd5 14. b3 f6 15. Nc4 a6 16. Nc3 Ndb4 17. Bb2 0-0-0 18. Rfc1 Nd4 19. Kg2 Nd3 20. Rd1 Ne6 21. Ne2 Bc5 22. f3 Rhe8 23. Nc3 Nef4+ 24. Kg3 Bf2+ 0-1

[Event "LSS No Engine Cup 171 Preliminary 0"]
[Site "LSS email"]
[Date "2017.07.10"]
[Round "?"]
[White "Neelmeier, Stephan"]
[Black "Lonyuk, Bohdan"]
[Result "1-0"]
[WhiteElo "1600"]
[BlackElo "1436"]
[PlyCount "55"]
[EventDate "2017.07.11"]
[EventType "tourn (corr)"]
[EventRounds "6"]
[EventCountry "GER"]
[SourceTitle "Corr 2022"]
[Source "ChessBase"]
[SourceDate "2021.10.24"]
[SourceVersion "1"]
[SourceVersionDate "2021.10.24"]
[SourceQuality "1"]

1. e4 c5 2. c3 Nf6 3. e5 Nd5 4. d4 cxd4 5. Nf3 Nc6 6. cxd4 d6 7. Bc4 dxe5 8. Nxe5 e6 9. 0-0 Bd6 10. Nf3 0-0 11. Nc3 Nce7 12. Qd3 a6 13. Bd2 b5 14. Bb3 Bb7 15. Ne4 Ng6 16. g3 Nf6 17. Nxd6 Qxd6 18. Rfe1 Bxf3 19. Qxf3 Qxd4 20. Bc3 Qb6 21. Bxf6 gxf6 22. Qxf6 Qc5 23. Rxe6 a5 24. Rd1 a4 25. Bd5 Rad8 26. Rc6 Qe7 27. Qf5 Qe5 28. Rxg6+ 1-0

[Event "OP-2016-0-04226"]
[Site "LSS email"]
[Date "2016.12.12"]
[Round "?"]
[White "Neelmeier, Stephan"]
[Black "Hickl, Sammy"]
[Result "1-0"]
[WhiteElo "1788"]
[BlackElo "2050"]
[PlyCount "27"]
[EventDate "2016.12.04"]
[EventType "tourn (corr)"]
[EventRounds "4"]
[EventCountry "GER"]
[SourceTitle "Corr 2022"]
[Source "ChessBase"]
[SourceDate "2021.10.24"]
[SourceVersion "1"]
[SourceVersionDate "2021.10.24"]
[SourceQuality "1"]

1. e4 e6 2. d4 d5 3. Nd2 dxe4 4. Nxe4 Nd7 5. Nf3 Ngf6 6. Bd3 b6 7. Qe2 Bb7 8. Nxf6+ Nxf6 9. Bg5 Be7 10. 0-0-0 Qd5 11. Kb1 0-0-0 12. Ne5 Rhf8 13. f3 Qxd4 14. Nxf7 1-0

[Event "OP-2016-0-04226"]
[Site "LSS email"]
[Date "2016.12.12"]
[Round "?"]
[White "Shim Ng Min, Francis"]
[Black "Neelmeier, Stephan"]
[Result "0-1"]
[WhiteElo "1187"]
[BlackElo "1788"]
[PlyCount "28"]
[EventDate "2016.12.04"]
[EventType "tourn (corr)"]
[EventRounds "4"]
[EventCountry "GER"]
[SourceTitle "Corr 2022"]
[Source "ChessBase"]
[SourceDate "2021.10.24"]
[SourceVersion "1"]
[SourceVersionDate "2021.10.24"]
[SourceQuality "1"]

1. e4 d6 2. d4 Nf6 3. Nc3 e5 4. Nf3 exd4 5. Nxd4 Be7 6. Bf4 0-0 7. Qd2 Nc6 8. 0-0-0 Nxd4 9. Qxd4 Be6 10. e5 Ng4 11. exd6 Bf6 12. Qd2 Bxc3 13. bxc3 cxd6 14. f3 Qa5 0-1

[Event "SC-2016-0-00311"]
[Site "LSS email"]
[Date "2016.12.11"]
[Round "?"]
[White "Martins, Karin"]
[Black "Neelmeier, Stephan"]
[Result "0-1"]
[WhiteElo "1799"]
[BlackElo "1788"]
[PlyCount "92"]
[EventDate "2016.11.08"]
[EventType "tourn (corr)"]
[EventRounds "6"]
[EventCountry "GER"]
[SourceTitle "Corr 2022"]
[Source "ChessBase"]
[SourceDate "2021.10.24"]
[SourceVersion "1"]
[SourceVersionDate "2021.10.24"]
[SourceQuality "1"]

1. e4 d6 2. Nf3 Nf6 3. c3 e5 4. h3 Nbd7 5. d3 Be7 6. Be2 b6 7. 0-0 0-0 8. Na3 Re8 9. Nc4 Nf8 10. b4 Bb7 11. Ne3 Ng6 12. c4 c6 13. Bb2 d5 14. Nxe5 dxe4 15. Nxg6 hxg6 16. Qb3 exd3 17. Bxd3 c5 18. b5 Qc7 19. Rfe1 Bd6 20. Qc2 Rad8 21. Bxf6 gxf6 22. Ng4 Be5 23. Nxe5 fxe5 24. a4 Rd4 25. Bf1 f5 26. a5 e4 27. axb6 axb6 28. Rad1 Qd6 29. Ra1 f4 30. Ra2 e3 31. Qc3 Rde4 32. Ree2 R4e7 33. Ra7 g5 34. f3 g4 35. fxg4 f3 36. gxf3 Bxf3 37. Raa2 Qg3+ 38. Bg2 Bxe2 39. Rxe2 Rf8 40. Qd3 Kg7 41. Kh1 Qe5 42. Qd5 Qf4 43. Qd1 Qxc4 44. Qd6 Re6 45. Qd1 Qd4 46. Qc1 c4 0-1

[Event "SC-2016-0-00311"]
[Site "LSS email"]
[Date "2016.12.11"]
[Round "?"]
[White "Neelmeier, Stephan"]
[Black "Moreira, Carlos"]
[Result "1-0"]
[WhiteElo "1788"]
[BlackElo "1658"]
[PlyCount "35"]
[EventDate "2016.11.08"]
[EventType "tourn (corr)"]
[EventRounds "6"]
[EventCountry "GER"]
[SourceTitle "Corr 2022"]
[Source "ChessBase"]
[SourceDate "2021.10.24"]
[SourceVersion "1"]
[SourceVersionDate "2021.10.24"]
[SourceQuality "1"]

1. e4 e5 2. Nf3 Nc6 3. Bc4 Bc5 4. c3 Nf6 5. d4 exd4 6. cxd4 Bb4+ 7. Nbd2 Nxe4 8. d5 Ne7 9. 0-0 Nf6 10. Qb3 Bd6 11. Re1 a6 12. a4 0-0 13. Ne4 Nxe4 14. Rxe4 c5 15. Bg5 Kh8 16. Qc2 f6 17. Rh4 g6 18. Bxf6+ 1-0

[Event "GER Liga Q Server-32 email"]
[Site "GER email"]
[Date "2015.07.31"]
[Round "?"]
[White "Pibernik, Dario"]
[Black "Neelmeier, Stephan"]
[Result "1-0"]
[WhiteElo "1419"]
[BlackElo "1494"]
[PlyCount "23"]
[EventDate "2015.08.10"]
[EventType "tourn (corr)"]
[EventRounds "6"]
[EventCountry "GER"]
[SourceTitle "Corr 2020"]
[Source "ChessBase"]
[SourceDate "2019.09.30"]
[SourceVersion "1"]
[SourceVersionDate "2019.09.30"]
[SourceQuality "1"]

1. e4 e5 2. Nf3 Nc6 3. d4 exd4 4. Nxd4 Qh4 5. Qd3 Nf6 6. Nb5 Bb4+ 7. c3 Ba5 8. b4 a6 9. N5a3 Bb6 10. Be3 Bxe3 11. Qxe3 Qxe4 12. Qxe4+ 1-0